| 000 | 00594nam a2200193Ia 4500 | ||
|---|---|---|---|
| 003 | IN-BaIIA | ||
| 008 | 211028s9999 xx 000 0 eng d | ||
| 020 | _a0-19-851479-4 | ||
| 040 | _cIIA Library | ||
| 080 |
_a524.882 _bDEA |
||
| 100 |
_aD'eath, P. D. _920974 |
||
| 245 | 0 |
_aBlack holes _bgravitational interactions _cP. D. D'eath |
|
| 260 |
_aOxford _bClarendon Press _c1996 |
||
| 300 | _axii, 286p. | ||
| 490 | _aOxford mathematical monographs | ||
| 650 |
_aBlackholes _921168 |
||
| 650 |
_aGravitational interactions _99439 |
||
| 942 | _cBK | ||
| 999 |
_c12136 _d12136 |
||